| 000 | 01058nam a2200301 4500 | ||
|---|---|---|---|
| 001 | 0000019892 | ||
| 003 | CO-CtgCURN | ||
| 005 | 20250331191043.0 | ||
| 007 | ta | ||
| 008 | 160627s2001 000 0 eng d | ||
| 020 | _a8489693420 | ||
| 040 |
_aCO-CtgCURN _bspa _ccoctgcurn |
||
| 082 | 0 |
_a861 _bG216r |
|
| 100 | 1 |
_aGarcía Lorca, Federico, _d1898-1936. |
|
| 245 | 1 | 0 | _aRomancero gitano Poeta en Nueva York, LLanto Por Ignacio, Sánchez Mejias. |
| 250 | _a10a ed. | ||
| 260 |
_aMadrid : _bEditorial optima, _c2001. |
||
| 300 | _a209 p. | ||
| 336 | _2rdacontent | ||
| 337 |
_2rdamedia _asin mediacion _bn |
||
| 338 |
_2rdacarrier _avolumen _bnc |
||
| 500 | _aIncluye indice. | ||
| 505 | 8 | _aPoeta en New York.--Llanto por Ignacio Sánchez Mejias.--Romancero Gitano.--Las mil y una noche.--Cuentos de Canterbury.--Antología poetica.--Las flores del mal.--El coran.--Platero y yo | |
| 650 | 1 | 4 | _aPoesia Colombina. |
| 908 | _a160627 | ||
| 942 |
_cBK _h861 _iG216r _2ddc |
||
| 999 |
_c25871 _d25871 |
||